000
00273 a2200109 4500
001
62947
090
_c
37261
_d
37261
100
_a
PAF Base Masroor
245
_a
Airmanship (GDP & NON GD Courses)
_h
English
260
_a
PAF Base Masroor
_b
PAF Press masroor
_c
2008
300
_a
iv, 88p.
942
_a
CAE NUST
999
_c
298020
_d
298020